书目信息 |
| 题名: |
设计·三维形态
|
|
| 作者: | 叶武 , 杨君宇 编著 | |
| 分册: | ||
| 出版信息: | 北京 北京理工大学出版社 2008.06 |
|
| 页数: | 87页 | |
| 开本: | 29cm | |
| 丛书名: | ||
| 单 册: | ||
| 中图分类: | J06 | |
| 科图分类: | ||
| 主题词: | 三维 , 三维--艺术--设计 , 艺术 | |
| 电子资源: | ||
| ISBN: | 978-7-5640-1545-9 | |
| 000 | 00888nam0 2200301 450 | |
| 001 | 0100140805 | |
| 005 | 20141020221655.0 | |
| 010 | @a978-7-5640-1545-9@dCNY31.00 | |
| 100 | @a20081031d2008 em y0chiy50 ea | |
| 101 | 0 | @achi |
| 101 | 11 | @achi |
| 102 | @aCN@b110000 | |
| 105 | @aa z 000yy | |
| 106 | @ar | |
| 200 | 1 | @a设计·三维形态@Ashe ji san wei xing tai@b专著@f叶武,杨君宇编著@Fye wu yang jun yu bian zhu |
| 210 | @a北京@c北京理工大学出版社@d2008.06 | |
| 215 | @a87页@c彩图@d29cm | |
| 330 | @a本书从理性的三维角度研究形态造型的基本规律和基本特征,研究三维形态中各种视觉要素的组合和构成方式。 | |
| 540 | @a设计·三维形态 | |
| 606 | 0 | @a三维 |
| 606 | 0 | @a三维@x艺术@x设计 |
| 606 | 0 | @a艺术 |
| 690 | @aJ06@v5 | |
| 701 | 0 | @a叶武@Aye wu@4编著 |
| 701 | 1 | @a杨君宇@Ayang jun yu@4编著 |
| 801 | @aCN | |
| 901 | @a001 | |
| 905 | @b1104190-2@dJ06@eY464@f3@a241430 | |
| 设计·三维形态/叶武,杨君宇编著.-北京:北京理工大学出版社,2008.06 |
| 87页:彩图;29cm |
| ISBN 978-7-5640-1545-9:CNY31.00 |
| 本书从理性的三维角度研究形态造型的基本规律和基本特征,研究三维形态中各种视觉要素的组合和构成方式。 |
| ● |
| 相关链接 |
|
|
|
正题名:设计·三维形态
索取号:J06/Y464
 
预约/预借
| 序号 | 登录号 | 条形码 | 馆藏地/架位号 | 状态 | 备注 |
| 1 | 1104190 | 211041905 | 自科二线404/309社科库 63排1列6层/ [索取号:J06/Y464] | 在馆 | |
| 2 | 1104191 | 211041914 | 自科二线404/309社科库 63排1列6层/ [索取号:J06/Y464] | 在馆 | |
| 3 | 1104192 | 211041923 | 自科二线404/309社科库 63排1列6层/ [索取号:J06/Y464] | 在馆 |